000 00419cam a22001694a 4500
005 20250605164031.0
008 250528s ||||||||||||||||||||||||d
035 _a16633
040 _aGR-AtMCL
_bgre
_dGR-AtMCL
_eAACR2
245 1 _aΕξ Άκανθων Τα Ρόδα
260 _bΑθήνα,
_c1983
300 _a112
700 1 _aΖούλας Κώστα
_92717
942 _cBK
999 _c2111
_d2111